德国各州地图 Germany states map - Statistics

General Stats
  • This quiz has been taken 312 times
  • The average score is 9 of 16
Answers on the Map
Answers color-coded by a green-red scale on the quiz's map according to % correct below.
 
Answer Stats
首府 % Correct
柏林(Berlin) --
95%
巴伐利亚(Bayern) 慕尼黑(München)
94%
汉堡(Hamburg) --
85%
勃兰登堡(Brandenburg) 波茨坦(Potsdam)
69%
萨克森(Sachsen) 德累斯顿(Dresden)
66%
石勒苏益格-荷尔斯泰因(Schleswig-Holstein) 基尔(Kiel)
63%
不来梅(Bremen) --
62%
巴登-符腾堡(Baden-Württemberg) 斯图加特(Stuttgart)
60%
北莱茵-威斯特法伦(Nordrhein-Westfalen) 杜塞尔多夫(Düsseldorf)
57%
黑森(Hessen) 威斯巴登(Wiesbaden)
56%
下萨克森(Niedersachsen) 汉诺威(Hannover)
47%
梅克伦堡-前波美拉尼亚(Mecklenburg-Vorpommern) 什未林(Schwerin)
46%
莱茵兰-普法尔茨(Rheinland-Pfalz) 美因茨(Mainz)
44%
萨尔兰(Saarland) 萨尔布吕肯(Saarbrücken)
44%
图林根(Thüringen) 爱尔福特(Erfurt)
32%
萨克森-安哈尔特(Sachsen-Anhalt) 马格德堡(Magdeburg)
28%
No matching quizzes found
Score Distribution
Percent of People with Each Score
Percentile by Number Answered
Your Score History
You have not taken this quiz